Επίτομος ποιμαντική
Αποθηκεύτηκε σε:
| Κύριος συγγραφέας: | |
|---|---|
| Μορφή: | Βιβλίο |
| Γλώσσα: | Greek |
| Δημοσίευση: |
Αθήναι :
Ενορίας,
1953
|
| Έκδοση: | 2η έκδ. |
| Θέματα: | |
| Ετικέτες: |
Προσθήκη ετικέτας
Δεν υπάρχουν, Καταχωρήστε ετικέτα πρώτοι!
|
MARC
| LEADER | 00000cam a2200000 i 4500 | ||
|---|---|---|---|
| 001 | 1/28905 | ||
| 008 | 060508s1953 gr ||| | gre|| | ||
| 035 | |l 10083771 | ||
| 040 | |a GR-MY-UA |b gre |e aacr | ||
| 041 | 0 | |a gre | |
| 082 | 0 | |a 281.9 |2 (22) | |
| 100 | 1 | |a Μακρής, Σπύρος Γ. | |
| 245 | 1 | 0 | |a Επίτομος ποιμαντική / |c Σπυρίδωνος Γεωργ. Μακρή. |
| 250 | |a 2η έκδ. | ||
| 260 | |a Αθήναι : |b Ενορίας, |c 1953 | ||
| 300 | |a 158 σ.; |c 22 εκ. | ||
| 500 | |a Με: Κατηχητική ή ιστορία και θεωρία της κατηχήσεως. -Λόγοι Βασιλείου του Μεγάλου / Μέγας Βασίλειος. - Απολογιτικαί μελέται / Υπό Παν. Ν. Τρεμπέλα | ||
| 500 | |a Δια τους ιεροσπουδαστάς των εκκλησιαστικών σχολών και εκκλησιαστικών φροντιστηρίων | ||
| 504 | |a Περιέχει βιβλιογραφικές παραπομπές. | ||
| 650 | 0 | 0 | |a Pastoral psychology. |
| 650 | 0 | 0 | |a Psychology, Religious. |
| 852 | |a INST |b RHODES |c KRI |e 20060508 |h 281.9 ΤΡΕ |p 005400028405 |q 005400028405 |t BK |y 4 |x 20190708 | ||
| 901 | |a BIBL4-2006-2 | ||
| 909 | |a Ρ |b 122279 | ||
| 970 | |a ΣΙΔΕΡΗ |b ΝΕΚΤΑΡΙΑ |z 2006/05/03 | ||